| 000 | 00000nam##2200000za#4500 |
| 001 | 9.600688 |
| 003 | CaOODSP |
| 005 | 20210624205715 |
| 007 | cr ||||||||||| |
| 008 | 150406|1992||||xxc|||||o f|0| 0 fre|d |
| 040 | |aCaOODSP|bfre |
| 043 | |an-cn--- |
| 086 | 1 |aNH18-1/149-1992F-PDF |
| 110 | 2 |aSociété canadienne d'hypothèques et de logement. |
| 245 | 10|aProjet de recherche sur le bruit d'appareils ménagers dans les immeubles multi-logements / |h[ressource électronique]|c[par] Décibel Consultants Inc. |
| 260 | |aOttawa - Ontario : |bSociété canadienne d'hypothèques et de logement |c[1992]. |
| 300 | |a116p.|bfigures, graphiques, ill., références, tableaux, photographies |
| 490 | 1 |aRapport de recherche |
| 500 | |aTexte en français. Comprend du texte anglais. |
| 590 | |a12-29-Supp|b2012-06-25 |
| 830 | #0|aResearch report (Société canadienne d'hypothèques et de logement : En ligne)|w(CaOODSP)9.502470 |
| 856 | 40|ahttp://publications.gc.ca|qPDF|s12 Mo|uhttps://publications.gc.ca/collections/collection_2011/schl-cmhc/nh18-1/NH18-1-149-1992-fra.pdf |